[Event "Bye 2011"]
[Site "SchemingMind.com"]
[Date "2012.02.16"]
[Round "-"]
[White "Scooter"]
[Black "harmy"]
[Result "0-1"]
[WhiteCountry "USA"]
[BlackCountry "USA"]
[WhiteElo "1790"]
[WhiteRD "53"]
[BlackElo "1979"]
[BlackRD "109"]
[GameID "303516"]

1. d4 d5 2. Nf3 Nf6 3. Bf4 e6 4. h3 Bd6 5. Bxd6 Qxd6 6. c3 Nbd7 7. e3 b6 8. Bb5 O-O 9. O-O c6 10. Bd3 c5
11. Nbd2 Bb7 12. Re1 Ne4 13. Qc2 f5 14. Bb5 Ndf6 15. Nxe4 fxe4 16. Ne5 c4 17. Ba4 a6 18. Qd2 b5 19. Bd1 Nd7 20. Nxd7 Qxd7
21. b4 cxb3 22. axb3 Rf6 23. Be2 Qc7 24. Ra2 e5 25. Rea1 Raf8 26. f3 exf3 27. Bxf3 e4 28. Be2 Rf2 29. Rf1 Qg3
0-1

[Event "Bye 2011"]
[Site "SchemingMind.com"]
[Date "2012.02.16"]
[Round "-"]
[White "lennart"]
[Black "docjan"]
[Result "0-1"]
[WhiteCountry "SWE"]
[BlackCountry "SWE"]
[WhiteElo "1577"]
[WhiteRD "53"]
[BlackElo "2378"]
[BlackRD "59"]
[GameID "303521"]

1. e4 c5 2. Nc3 Nc6 3. d3 d6 4. Nf3 Nf6 5. Bf4 e5 6. Bg3 Be7 7. h3 O-O 8. Be2 h6 9. a3 Be6 10. O-O Nd4
11. Nxd4 cxd4 12. Na4 b5 13. b3 bxa4 14. bxa4 Qa5 15. f4 Rab8 16. f5 Bd7 17. Be1 Qc7 18. Rc1 d5 19. Bg3 dxe4 20. Qe1 Bxa3
21. Ra1 Bb2 22. Rd1 Bc3 23. Rd2 e3
0-1

[Event "Bye 2011"]
[Site "SchemingMind.com"]
[Date "2012.02.17"]
[Round "-"]
[White "Mariazb"]
[Black "wiktor"]
[Result "1-0"]
[WhiteCountry "ARG"]
[BlackCountry "POL"]
[WhiteElo "2273"]
[WhiteRD "97"]
[BlackElo "1580"]
[BlackRD "76"]
[GameID "303522"]

1. e4 c5 2. c3 e5 3. Nf3 Nc6 4. Bc4 Nf6 5. Ng5 d5 6. exd5 Nxd5 7. Qh5 g6 8. Qf3 Be6 9. Nxe6 fxe6 10. d3 Qd7
11. Nd2 O-O-O 12. Ne4 Be7 13. Bh6 b6 14. a3 Bf8 15. Be3 Bg7 16. b4 cxb4 17. axb4 Nxc3 18. Nxc3 e4 19. Qxe4 Bxc3+ 20. Kf1 Rhe8
21. Rc1 Bxb4 22. Bb5
1-0

[Event "Bye 2011"]
[Site "SchemingMind.com"]
[Date "2012.02.17"]
[Round "-"]
[White "dhlala"]
[Black "vickyngo"]
[Result "0-1"]
[WhiteCountry "AUS"]
[BlackCountry "VEN"]
[WhiteElo "2299"]
[WhiteRD "111"]
[BlackElo "2440"]
[BlackRD "68"]
[GameID "303541"]

1. e4 c5 2. Ne2 d6 3. Nbc3 Nf6 4. d4 Nbd7 5. f3 e6 6. Be3 a6 7. dxc5 dxc5 8. g4 h6 9. Bg2 b5 10. O-O Bb7
11. Ng3 b4 12. Nce2 Qc7 13. Bf4 Ne5 14. c3 Nfd7 15. Qc2 c4 16. Kh1 a5 17. Rfd1 Bc5 18. Nd4 Qb6 19. Nge2 O-O 20. Be3 Rac8
21. Nf4 Ba6 22. a3 bxc3 23. bxc3 Rfd8 24. Rab1 Qa7 25. Qd2 Rb8 26. a4 Rxb1 27. Rxb1 Rb8 28. Rd1 g5 29. Nfxe6 fxe6 30. Bxg5 Nd3
0-1

[Event "Bye 2011"]
[Site "SchemingMind.com"]
[Date "2012.02.17"]
[Round "-"]
[White "vickyngo"]
[Black "dhlala"]
[Result "1/2-1/2"]
[WhiteCountry "VEN"]
[BlackCountry "AUS"]
[WhiteElo "2441"]
[WhiteRD "71"]
[BlackElo "2320"]
[BlackRD "111"]
[GameID "303544"]

1. e4 c5 2. Nf3 g6 3. d4 cxd4 4. Nxd4 Bg7 5. c4 Nc6 6. Be3 Nf6 7. Nc3 Ng4 8. Qxg4 Nxd4 9. Qd1 Ne6 10. Rc1 O-O
11. Bd3 d6 12. O-O b6 13. Qd2 Bb7 14. f4 Rc8 15. b4 Nc7 16. f5 Ne8 17. h3 Nf6 18. Bg5 Qd7 19. Nd5 Nxd5 20. exd5 b5
21. Bh6 bxc4 22. Bxg7 Kxg7 23. Bxc4 Kg8 24. Qe3=
1/2-1/2

[Event "Bye 2011"]
[Site "SchemingMind.com"]
[Date "2012.03.17"]
[Round "-"]
[White "docjan"]
[Black "Scooter"]
[Result "1-0"]
[WhiteCountry "SWE"]
[BlackCountry "USA"]
[WhiteElo "2353"]
[WhiteRD "62"]
[BlackElo "1737"]
[BlackRD "53"]
[GameID "305416"]

1. e4 c6 2. d4 d5 3. e5 Bf5 4. Nf3 e6 5. Be2 h6 6. O-O Nd7 7. Nbd2 c5 8. c4 dxc4 9. Nxc4 cxd4 10. Nxd4 Bg6
11. Be3 Bc5 12. Bf3 Ne7 13. Bxb7 Rb8 14. Nc6 Nxc6 15. Bxc6 Bxe3 16. Qd6 Bc5 17. Bxd7+
1-0

[Event "Bye 2011"]
[Site "SchemingMind.com"]
[Date "2012.03.17"]
[Round "-"]
[White "Scooter"]
[Black "docjan"]
[Result "0-1"]
[WhiteCountry "USA"]
[BlackCountry "SWE"]
[WhiteElo "1737"]
[WhiteRD "53"]
[BlackElo "2353"]
[BlackRD "62"]
[GameID "305422"]

1. d4 Nf6 2. Nf3 d5 3. Bf4 e6 4. h3 Bd6 5. Bxd6 Qxd6 6. c3 O-O 7. e3 c5 8. Nbd2 Bd7 9. Be2 Nc6 10. O-O h6
11. Bb5 Nxd4 12. Bxd7 Nxf3+ 13. Nxf3 Qxd7 14. Ne5 Qc7 15. Ng4 Ne4 16. Qc2 c4 17. f3 Nc5 18. Nf2 a5 19. e4 dxe4 20. Nxe4 Nd3
21. Nf2 Rad8 22. Nxd3 Rxd3 23. Rad1 Rfd8 24. Rxd3 cxd3 25. Qd2 Qc5+ 26. Kh1 b5 27. Re1 Qd5 28. b3 e5 29. Re4 f5 30. Re3 b4
31. c4 Qd4 32. Re1 e4 33. fxe4 fxe4 34. Kh2 Qc3 35. Rd1 Qxd2
0-1

[Event "Bye 2011"]
[Site "SchemingMind.com"]
[Date "2012.04.12"]
[Round "-"]
[White "Clive Everill"]
[Black "BlueMooner"]
[Result "1-0"]
[WhiteCountry "CZE"]
[BlackCountry "ENG"]
[WhiteElo "1774"]
[WhiteRD "56"]
[BlackElo "1890"]
[BlackRD "79"]
[GameID "308122"]

1. e4 e6 2. d4 d5 3. Nd2 Nf6 4. e5 Nfd7 5. Bd3 c5 6. c3 Nc6 7. Ne2 cxd4 8. cxd4 f6 9. exf6 Nxf6 10. Nf3 Bd6
11. O-O Qc7 12. g3 O-O 13. Bf4 Ng4 14. Rc1 Bxf4 15. Nxf4 Rxf4 16. gxf4 Qxf4 17. Be2 Bd7 18. Qd2 Qd6 19. Qd3 Rf8 20. h3 Nf6
21. Bd1 Ne4 22. a3 e5 23. Nxe5 Nxe5 24. dxe5 Qg6+ 25. Kh2
1-0

[Event "Bye 2011"]
[Site "SchemingMind.com"]
[Date "2012.04.18"]
[Round "-"]
[White "Ronald R. Nurmi"]
[Black "Michal Drus"]
[Result "1-0"]
[WhiteCountry "USA"]
[BlackCountry "POL"]
[WhiteElo "1938"]
[WhiteRD "83"]
[BlackElo "1653"]
[BlackRD "63"]
[GameID "308485"]

1. d4 d5 2. Bf4 c5 3. e3 Nf6 4. Nf3 Nc6 5. c3 e6 6. Nbd2 c4 7. Qc2 Ne4 8. Nxe4 dxe4 9. Qxe4 Qd5 10. Nd2 Qb5
11. Nxc4
1-0

[Event "Bye 2011"]
[Site "SchemingMind.com"]
[Date "2012.04.19"]
[Round "-"]
[White "Michal Drus"]
[Black "Ronald R. Nurmi"]
[Result "0-1"]
[WhiteCountry "POL"]
[BlackCountry "USA"]
[WhiteElo "1653"]
[WhiteRD "63"]
[BlackElo "1938"]
[BlackRD "83"]
[GameID "308487"]

1. e4 d5 2. exd5 Qxd5 3. Nc3 Qd6 4. d4 Nf6 5. Nf3 c6 6. Ne5 Nbd7 7. Nc4 Qc7 8. Qf3 e6 9. Bf4 Qd8 10. Nd6+ Bxd6
11. Bxd6 Nb6 12. Qg3 Nbd5 13. Qxg7 Rg8
0-1

[Event "Bye 2011"]
[Site "SchemingMind.com"]
[Date "2012.05.08"]
[Round "-"]
[White "vickyngo"]
[Black "e_safarz"]
[Result "1/2-1/2"]
[WhiteCountry "VEN"]
[BlackCountry "CAN"]
[WhiteElo "2440"]
[WhiteRD "68"]
[BlackElo "2453"]
[BlackRD "62"]
[GameID "310025"]

1. d4 Nf6 2. c4 e6 3. Nf3 d5 4. g3 Be7 5. Bg2 O-O 6. O-O dxc4 7. Qc2 a6 8. Qxc4 b5 9. Qc2 Bb7 10. Bd2 Be4
11. Qc1 Bb7 12. a3 a5 13. Bf4 Nd5 14. Nc3 Nxf4 15. Qxf4 b4 16. Na4 Nd7 17. Rfc1 Rc8 18. Qe3=
1/2-1/2

[Event "Bye 2011"]
[Site "SchemingMind.com"]
[Date "2012.05.08"]
[Round "-"]
[White "e_safarz"]
[Black "vickyngo"]
[Result "1/2-1/2"]
[WhiteCountry "CAN"]
[BlackCountry "VEN"]
[WhiteElo "2453"]
[WhiteRD "62"]
[BlackElo "2440"]
[BlackRD "68"]
[GameID "310029"]

1. d4 d5 2. c4 c6 3. Nf3 Nf6 4. Nc3 e6 5. e3 Nbd7 6. Qc2 Bd6 7. Bd3 O-O 8. O-O dxc4 9. Bxc4 a6 10. Rd1 b5
11. Bd3 Bb7 12. e4 e5 13. h3 Qc7 14. Be3 Rad8 15. Rac1 exd4 16. Nxd4 Bh2+ 17. Kh1 c5 18. Nf5 Bf4 19. Qd2 Bxe3=
1/2-1/2

[Event "Bye 2011"]
[Site "SchemingMind.com"]
[Date "2012.05.23"]
[Round "-"]
[White "docjan"]
[Black "vickyngo"]
[Result "0-1"]
[WhiteCountry "SWE"]
[BlackCountry "VEN"]
[WhiteElo "2303"]
[WhiteRD "72"]
[BlackElo "2495"]
[BlackRD "86"]
[GameID "310845"]

1. e4 c6 2. d4 d5 3. e5 Bf5 4. Nf3 e6 5. Be2 Nd7 6. O-O h6 7. Be3 Ne7 8. Nc3 Bh7 9. h3 Rc8 10. Bf4 c5
11. Rc1 a6 12. Qd2 Nc6 13. dxc5 Bxc5 14. Rfd1 Bb4 15. a3 Ba5 16. Bg3 O-O 17. Qe3 Ne7 18. Bd3 Bxc3 19. bxc3 Qc7 20. Rb1 b5
21. Nd4 Nc5 22. Bh4 Na4 23. Rb3 Ng6 24. Bg3 Nxc3 25. Re1 Ne7 26. f3 Na4 27. Bf2 Bxd3 28. cxd3 Nc6 29. Rc1 Qd7 30. Ne2 d4
31. Qe4 Ne7 32. Bxd4 Rxc1+ 33. Nxc1 Qc8 34. Rb1 Qc2 35. Ra1 Nf5 36. Ne2 Nxd4 37. Nxd4 Qb2 38. Rf1 Nc3 39. Qg4 Qxa3 40. Kh2 a5
41. Nxe6 fxe6 42. Qxe6+ Kh7 43. Qc6 Qb4 44. e6 Qf4+ 45. Kh1 Ne2 46. Rb1 Ng3+ 47. Kg1 Qe3+ 48. Kh2 Ne2 49. Qe4+ Qxe4 50. dxe4 b4
0-1

[Event "Bye 2011"]
[Site "SchemingMind.com"]
[Date "2012.05.21"]
[Round "-"]
[White "vickyngo"]
[Black "docjan"]
[Result "1-0"]
[WhiteCountry "VEN"]
[BlackCountry "SWE"]
[WhiteElo "2495"]
[WhiteRD "86"]
[BlackElo "2303"]
[BlackRD "72"]
[GameID "310852"]

1. d4 d5 2. c4 e6 3. Nc3 Nf6 4. Bg5 Be7 5. Nf3 O-O 6. e3 Nbd7 7. Rc1 h6 8. Bh4 a6 9. cxd5 exd5 10. Bd3 c5
11. Bb1 b6 12. dxc5 Nxc5 13. Nd4 Bb7 14. Nf5 Re8 15. Nxe7+ Qxe7 16. O-O Ne6 17. f3 b5 18. Ne2 Rad8 19. Re1 g6 20. Qd2 Kh7
21. a3 Rc8 22. Ba2 Kg7 23. Nc3 Rcd8 24. Rcd1 Rd7 25. b4 Qd8 26. Ne2 Qb6 27. Qb2 Ng5 28. Nd4 Rdd8 29. Rd3 Kg8 30. Nb3 Bc8
31. Nc5 Bf5 32. Rd2 Ngh7 33. Bf2 Qc6 34. Red1 Qa8 35. Qd4 Rc8 36. Qf4 Rc6 37. h4 Qc8 38. Bxd5 Nxd5 39. Rxd5 Rf6 40. Rd6 g5
41. Qg3 Rxd6 42. Rxd6 Bg6 43. hxg5 Nxg5 44. f4 Rd8 45. fxg5 hxg5 46. e4 Rxd6 47. Qxd6 Qf8 48. Qd5 g4 49. Bd4 a5 50. bxa5 Kh7
51. Nd7
1-0

[Event "Bye 2011"]
[Site "SchemingMind.com"]
[Date "2012.05.29"]
[Round "-"]
[White "Ronald R. Nurmi"]
[Black "Juan Jose Rivas Maceda"]
[Result "0-1"]
[WhiteCountry "USA"]
[BlackCountry "PER"]
[WhiteElo "1975"]
[WhiteRD "85"]
[BlackElo "2445"]
[BlackRD "100"]
[GameID "311194"]

1. d4 d5 2. Bf4 Nc6 3. e3 Bf5 4. c4 Nf6 5. Nc3 e6 6. Nf3 Be7 7. cxd5 Nxd5 8. Bg3 O-O 9. Be2 Bb4 10. Qc1 Bd6
11. O-O Bxg3 12. hxg3 h6 13. a3 Nf6 14. b4 Nb8 15. Ne5 Nbd7 16. Nxd7 Qxd7 17. Bf3 c6 18. Rd1 Rfd8 19. Be2 Qe8 20. Bd3 Bxd3
21. Rxd3 e5 22. Qd1 exd4 23. Rxd4 a6 24. Qe2 Rxd4 25. exd4 Qxe2 26. Nxe2 a5 27. Rb1 axb4 28. axb4 Ra2 29. Nc1 Rd2 30. Nb3 Rc2
31. Nc5 b5 32. f3 Nd5 33. Nd7 h5
0-1

[Event "Bye 2011"]
[Site "SchemingMind.com"]
[Date "2012.05.26"]
[Round "-"]
[White "Juan Jose Rivas Maceda"]
[Black "Ronald R. Nurmi"]
[Result "1-0"]
[WhiteCountry "PER"]
[BlackCountry "USA"]
[WhiteElo "2445"]
[WhiteRD "100"]
[BlackElo "1975"]
[BlackRD "85"]
[GameID "311200"]

1. e4 d5 2. exd5 Qxd5 3. Nc3 Qd6 4. d4 Nf6 5. Nf3 c6 6. Ne5 Nbd7 7. Bf4 Nd5 8. Nxd5 Qxd5 9. Nf3 Nf6 10. Be2 Bf5
11. c3 e6 12. O-O Be7 13. Ne5 Qe4 14. Bc1 Qd5 15. g4 Be4 16. f3 Bg6 17. h4 Bd6 18. Bc4 Qa5 19. h5 Bxe5 20. hxg6 Bd6
21. gxf7+ Kxf7 22. f4 Rhe8 23. Bb3 Qc7 24. g5 Ng8 25. f5 Ke7 26. fxe6 Bh2+ 27. Kh1 Qg3 28. Qh5
1-0

[Event "Bye 2011"]
[Site "SchemingMind.com"]
[Date "2012.07.01"]
[Round "-"]
[White "Mariazb"]
[Black "Clive Everill"]
[Result "1-0"]
[WhiteCountry "ARG"]
[BlackCountry "CZE"]
[WhiteElo "2225"]
[WhiteRD "107"]
[BlackElo "1760"]
[BlackRD "50"]
[GameID "312847"]

1. d4 Nf6 2. Nf3 d5 3. c4 c6 4. Nc3 a6 5. c5 Nbd7 6. Bf4 Nh5 7. e3 g6 8. Bd3 Bg7 9. Bg5 O-O 10. O-O Qe8
11. e4 e6 12. exd5 cxd5 13. Nxd5 f6 14. Nc7 Qd8 15. Nxe6 Qe8 16. Qb3 Kh8 17. Nxf8 Qxf8 18. Bd2 f5 19. Rae1 Nhf6 20. Ng5 Nb8
21. Bf4 Nc6 22. Bd6 Nxd4 23. Qc4 Nf3+ 24. gxf3
1-0

[Event "Bye 2011"]
[Site "SchemingMind.com"]
[Date "2012.06.30"]
[Round "-"]
[White "Clive Everill"]
[Black "Mariazb"]
[Result "0-1"]
[WhiteCountry "CZE"]
[BlackCountry "ARG"]
[WhiteElo "1760"]
[WhiteRD "50"]
[BlackElo "2225"]
[BlackRD "107"]
[GameID "312851"]

1. e4 e5 2. Nc3 Nf6 3. f4 d6 4. Nf3 Nc6 5. Bb5 Bd7 6. d3 Nd4 7. Bxd7+ Qxd7 8. O-O Be7 9. fxe5 Nxf3+ 10. Qxf3 dxe5
11. Bg5 O-O 12. a3 Bc5+ 13. Kh1 Ne8 14. Qg3 f6 15. Bd2 c6 16. b4 Bd4 17. Rad1 Nc7 18. Ne2 Bb6 19. Rf5 Nd5 20. Rh5 Nc7
21. Bh6 a5 22. Rh4 Ne6 23. Qg4 Rf7 24. Ng3 axb4 25. axb4 Ng5 26. Qxd7 Rxd7 27. Bxg5 fxg5 28. Rg4 h6 29. Nh5 Ra2 30. c4 Rxd3
31. Rf1 Rf2 32. Ra1 Bd4 33. Ra8+ Kh7 34. h3 Rf1+ 35. Kh2 Bg1+ 36. Kh1 Bf2+ 37. Kh2 Rdd1 38. Ng3 Rh1+ 39. Nxh1 Bg1+ 40. Kg3 Rd3#
0-1

[Event "Bye 2011"]
[Site "SchemingMind.com"]
[Date "2012.10.23"]
[Round "-"]
[White "Juan Jose Rivas Maceda"]
[Black "Mariazb"]
[Result "1/2-1/2"]
[WhiteCountry "PER"]
[BlackCountry "ARG"]
[WhiteElo "2434"]
[WhiteRD "98"]
[BlackElo "2253"]
[BlackRD "93"]
[GameID "319404"]

1. e4 c5 2. Nc3 d6 3. f4 Nc6 4. Bb5 g6 5. Nf3 Bg7 6. Bxc6+ bxc6 7. d3 Nf6 8. O-O O-O 9. Qe1 Bg4 10. Nd2 Nh5
11. h3 Bd4+ 12. Kh1 Bc8 13. Ne2 Bg7 14. Rb1 Qa5 15. a3 Rb8 16. b3 Ba6 17. Qf2 Qc7 18. f5 Nf6 19. Bb2 e5 20. Bc3 Rfe8
21. b4 cxb4 22. axb4 Qb6 23. Ra1 d5 24. Ng3 Qxf2 25. Rxf2 Bc8 26. Rxa7 d4 27. Bb2 c5 28. Nc4 cxb4 29. Bc1 Nd7 30. Nd6 Rd8
31. fxg6 hxg6 32. Bg5=
1/2-1/2

[Event "Bye 2011"]
[Site "SchemingMind.com"]
[Date "2012.10.23"]
[Round "-"]
[White "Mariazb"]
[Black "Juan Jose Rivas Maceda"]
[Result "0-1"]
[WhiteCountry "ARG"]
[BlackCountry "PER"]
[WhiteElo "2253"]
[WhiteRD "93"]
[BlackElo "2434"]
[BlackRD "98"]
[GameID "319407"]

1. b3 d5 2. Nf3 Nf6 3. Bb2 c6 4. e3 Bg4 5. Be2 Nbd7 6. O-O e6 7. c4 h6 8. h3 Bxf3 9. Bxf3 Bd6 10. d4 Qe7
11. Nc3 O-O 12. Re1 Rfd8 13. c5 Bc7 14. b4 a6 15. a4 Nf8 16. Qd3 Ng6 17. Bd1 e5 18. Bc2 e4 19. Qf1 Nh7 20. Reb1 f5
21. Ne2 Rf8 22. g3 Ng5 23. Kh1 Nf3 24. Bc3 f4 25. exf4 Bxf4 26. Qg2 Bb8 27. Ra3 Rf6 28. Rf1 Qf7 29. Ng1 Ngh4
0-1

[Event "Bye 2011"]
[Site "SchemingMind.com"]
[Date "2013.02.27"]
[Round "-"]
[White "vickyngo"]
[Black "Juan Jose Rivas Maceda"]
[Result "1/2-1/2"]
[WhiteCountry "VEN"]
[BlackCountry "PER"]
[WhiteElo "2512"]
[WhiteRD "104"]
[BlackElo "2439"]
[BlackRD "104"]
[GameID "327797"]

1. d4 d5 2. c4 c6 3. Nf3 Nf6 4. Nc3 e6 5. Bg5 h6 6. Bxf6 Qxf6 7. e3 Nd7 8. Qc2 g6 9. Bd3 Bg7 10. O-O O-O
11. a4 Qe7 12. a5 dxc4 13. Bxc4 c5 14. d5 Bxc3 15. dxe6 Ne5 16. exf7+ Kh7 17. Qxc3 Nxf3+ 18. gxf3 Bh3 19. Kh1 Bxf1 20. Rxf1 Rad8
21. Rg1 b5 22. axb6 axb6 23. Rg3 b5 24. Bxb5 Rxf7 25. Bd3 Rg7 26. Kg2 Rd6 27. Qc2 Rb6 28. b3 Qe6=
1/2-1/2

[Event "Bye 2011"]
[Site "SchemingMind.com"]
[Date "2013.02.28"]
[Round "-"]
[White "Juan Jose Rivas Maceda"]
[Black "vickyngo"]
[Result "1/2-1/2"]
[WhiteCountry "PER"]
[BlackCountry "VEN"]
[WhiteElo "2444"]
[WhiteRD "105"]
[BlackElo "2507"]
[BlackRD "105"]
[GameID "327799"]

1. e4 c6 2. d4 d5 3. Nc3 dxe4 4. Nxe4 Bf5 5. Ng3 Bg6 6. h4 h6 7. Nf3 Nd7 8. h5 Bh7 9. Bd3 Bxd3 10. Qxd3 e6
11. Bf4 Qa5+ 12. Bd2 Bb4 13. Ne4 Bxd2+ 14. Nfxd2 Ngf6 15. Nd6+ Ke7 16. Nxb7 Qb4 17. Qb3 Qxd4 18. Qa3+ c5 19. O-O-O Rab8 20. Na5 Rhc8
21. Ndc4 Qxf2 22. Rdf1 Qe2 23. Qg3 Kf8 24. Nd6 Qa6 25. Nxc8 Rxc8 26. Qe1 c4 27. Qb4+ Nc5 28. Kb1 Nd5 29. Qa3 c3 30. b3 Ne3
31. Rf2 Kg8 32. Nc4 Qxa3 33. Nxa3 Ne4 34. Re2 Ng3 35. Rxe3 Nxh1 36. Nb5 a6 37. Nxc3 Nf2 38. Ne4 Ng4 39. Rg3=
1/2-1/2